[Event "GRE-chT 37th"]
[Site "Kallithea"]
[Date "2009.07.08"]
[Round "8"]
[White "Willemze, Thomas"]
[Black "Oreopoulos, Konstantinos"]
[Result "1/2-1/2"]
[WhiteElo "2419"]
[BlackElo "2289"]
[PlyCount "80"]
[EventDate "2009.07.03"]
[EventType "team-tourn"]
[EventRounds "9"]
[EventCountry "GRE"]
[SourceTitle "CBM 131 Extra"]
[Source "ChessBase"]
[SourceDate "2009.09.03"]
[SourceVersion "2"]
[SourceVersionDate "2009.09.16"]
[SourceQuality "1"]

1. e4 e6 2. d4 d5 3. Nc3 Nf6 4. Bg5 Bb4 5. Nge2 dxe4 6. a3 Be7 7. Bxf6 Bxf6 8. Nxe4 Nc6 9. c3 Be7 10. g3 f5 11. Nd2 Qd5 12. Rg1 e5 13. Bg2 e4 14. Nf4 Qf7 15. h4 Bd6 16. Bf1 Bxf4 17. gxf4 Ne7 18. Bc4 Be6 19. Qa4+ c6 20. Bxe6 Qxe6 21. Rxg7 Qf6 22. Rg2 Nd5 23. 0-0-0 Nxf4 24. Rh2 0-0 25. Qb3+ Kh8 26. Nc4 Qf7 27. Kb1 Rad8 28. Ka2 c5 29. f3 cxd4 30. fxe4 dxc3 31. Qxc3+ Qg7 32. Qxg7+ Kxg7 33. Rxd8 Rxd8 34. Rf2 Rd4 35. Ne3 Rxe4 36. Nxf5+ Kg6 37. Nd6 Rd4 38. Nxb7 Kh5 39. Na5 Kxh4 40. Nb3 Kg3 1/2-1/2

[Event "GRE-chT 36th"]
[Site "Kallithea"]
[Date "2008.07.09"]
[Round "5.7"]
[White "Ris, Robert"]
[Black "Oreopoulos, Konstantinos"]
[Result "1-0"]
[WhiteElo "2415"]
[BlackElo "2284"]
[PlyCount "83"]
[EventDate "2008.07.06"]
[EventType "team-tourn"]
[EventRounds "7"]
[EventCountry "GRE"]
[SourceTitle "CBM 125 Extra"]
[Source "ChessBase"]
[SourceDate "2008.09.01"]
[SourceVersion "1"]
[SourceVersionDate "2008.09.01"]
[SourceQuality "1"]

1. e4 e6 2. d4 d5 3. Nd2 Nf6 4. e5 Nfd7 5. c3 c5 6. Bd3 Nc6 7. Ngf3 Be7 8. 0-0 g5 9. h3 h5 10. g4 hxg4 11. hxg4 Qb6 12. Qa4 a6 13. Re1 Qa7 14. Nf1 b5 15. Qd1 cxd4 16. cxd4 Nxd4 17. Nxg5 Rg8 18. Nh7 Nc6 19. Be3 Qb8 20. f4 Ncxe5 21. fxe5 Qxe5 22. g5 Qg7 23. Ng3 Nf8 24. Qc2 Bd7 25. Nxf8 Kxf8 26. g6 f5 27. Bxf5 exf5 28. Bc5 Rc8 29. Rxe7 Rxc5 30. Rxg7 Rxc2 31. Rf7+ Ke8 32. Re1+ Kd8 33. g7 Be8 34. Rfe7 Bg6 35. Nxf5 Rc7 36. R1e6 Rxe7 37. Nxe7 Bf7 38. Nxg8 Bxe6 39. Nh6 Ke7 40. Kf2 Kf6 41. g8R Bxg8 42. Nxg8+ 1-0

[Event "GRE-chT 36th"]
[Site "Kallithea"]
[Date "2008.07.08"]
[Round "4.6"]
[White "Oreopoulos, Konstantinos"]
[Black "Tzermiadianos, Andreas"]
[Result "0-1"]
[WhiteElo "2284"]
[BlackElo "2455"]
[PlyCount "92"]
[EventDate "2008.07.06"]
[EventType "team-tourn"]
[EventRounds "7"]
[EventCountry "GRE"]
[SourceTitle "CBM 125 Extra"]
[Source "ChessBase"]
[SourceDate "2008.09.01"]
[SourceVersion "1"]
[SourceVersionDate "2008.09.01"]
[SourceQuality "1"]

1. Nf3 d5 2. g3 g6 3. Bg2 Bg7 4. 0-0 Nf6 5. c4 0-0 6. d4 dxc4 7. Na3 Nc6 8. Nxc4 Be6 9. Nce5 Bd5 10. Bf4 Qc8 11. Rc1 Rd8 12. Nxc6 bxc6 13. Qa4 Qb7 14. b3 Nd7 15. Rfd1 a5 16. Qa3 Qb4 17. Qb2 a4 18. Qb1 axb3 19. e4 b2 20. Rc2 Bxe4 21. Qxb2 Qa3 22. Ng5 Bxc2 23. Qxc2 Qxa2 24. Qxc6 Nf6 25. Qxc7 Nd5 26. Bxd5 Rxd5 27. Qxe7 Rxd4 28. Rc1 Qd5 29. Qe2 Rda4 30. Qf3 Qf5 31. Kg2 h6 32. Nh3 g5 33. g4 Qe6 34. Rc6 Qe4 35. Bg3 Qxg4 36. Qxg4 Rxg4 37. f4 gxf4 38. Nxf4 Rg5 39. Rc2 Rga5 40. Kh3 Be5 41. Rc6 Kh7 42. Rb6 Ra4 43. Kg4 Rg8+ 44. Kf3 Bxf4 45. Bxf4 Rg6 46. Rb7 Rf6 0-1

[Event "GRE-chT 36th"]
[Site "Kallithea"]
[Date "2008.07.07"]
[Round "2.7"]
[White "Oreopoulos, Konstantinos"]
[Black "Zalahoras, Nikolaos"]
[Result "1-0"]
[WhiteElo "2284"]
[BlackElo "2181"]
[PlyCount "113"]
[EventDate "2008.07.06"]
[EventType "team-tourn"]
[EventRounds "7"]
[EventCountry "GRE"]
[SourceTitle "CBM 125 Extra"]
[Source "ChessBase"]
[SourceDate "2008.09.01"]
[SourceVersion "1"]
[SourceVersionDate "2008.09.01"]
[SourceQuality "1"]
[WhiteTeam "Kalamarias"]
[BlackTeam "Panathlitikos Sykeon"]
[WhiteTeamCountry "GRE"]
[BlackTeamCountry "GRE"]

1. d4 Nf6 2. c4 g6 3. Nc3 Bg7 4. e4 d6 5. f3 0-0 6. Bg5 h6 7. Be3 c5 8. d5 e6 9. Nge2 exd5 10. cxd5 Nbd7 11. Nc1 a6 12. a4 Re8 13. Be2 Kh7 14. 0-0 Re7 15. Rb1 Qh8 16. N1a2 Rb8 17. Qd2 Ne8 18. Rfd1 Nc7 19. b4 cxb4 20. Rxb4 Ne8 21. Bf1 Nc5 22. a5 Rc7 23. Ne2 Bd7 24. Rdb1 Bb5 25. Nac1 Rbc8 26. Nd4 Bxf1 27. Kxf1 Be5 28. Nde2 Qf8 29. f4 Bg7 30. Bxc5 dxc5 31. Ra4 Nd6 32. e5 Nb5 33. Rb3 c4 34. Rf3 Qc5 35. Na2 Rd7 36. Nac3 Nc7 37. d6 Nb5 38. Qd5 Qxd5 39. Nxd5 Rc5 40. Nb6 Rd8 41. Rxc4 Rxc4 42. Nxc4 Bf8 43. Rd3 g5 44. fxg5 hxg5 45. Rf3 Kg8 46. Rf5 Bh6 47. Ne3 Na7 48. Ng4 Bg7 49. Rxg5 Nc6 50. Nf4 Nd4 51. Nh5 Ne6 52. Ngf6+ Kh8 53. Rg4 Bh6 54. Ng3 Bg5 55. Nge4 Bf4 56. Rh4+ Kg7 57. Nh5+ 1-0

[Event "GRE-chT 36th"]
[Site "Kallithea"]
[Date "2008.07.06"]
[Round "1.3"]
[White "Siebrecht, Sebastian"]
[Black "Oreopoulos, Konstantinos"]
[Result "1-0"]
[WhiteElo "2453"]
[BlackElo "2284"]
[PlyCount "93"]
[EventDate "2008.07.06"]
[EventType "team-tourn"]
[EventRounds "7"]
[EventCountry "GRE"]
[SourceTitle "CBM 125 Extra"]
[Source "ChessBase"]
[SourceDate "2008.09.01"]
[SourceVersion "1"]
[SourceVersionDate "2008.09.01"]
[SourceQuality "1"]

1. d4 Nf6 2. Nf3 c5 3. d5 e6 4. c4 exd5 5. cxd5 d6 6. Nc3 g6 7. Nd2 Nbd7 8. g3 Bg7 9. Bg2 0-0 10. 0-0 Re8 11. a4 a6 12. h3 Qc7 13. Nc4 Nb6 14. Na3 Bd7 15. Re1 Nxa4 16. Nxa4 b5 17. Nc3 b4 18. Bd2 bxa3 19. bxa3 Rab8 20. Qc2 Rb7 21. e4 Reb8 22. Rab1 Qc8 23. Kh2 Ne8 24. f4 Rxb1 25. Rxb1 Nc7 26. e5 Rxb1 27. Qxb1 dxe5 28. d6 Nb5 29. Nd5 Qf8 30. Ne7+ Kh8 31. Qd3 c4 32. Qd5 c3 33. Be3 exf4 34. Bxf4 c2 35. Qb7 Qd8 36. Qxa6 Bb2 37. a4 Na3 38. Qf1 Bg7 39. Qc1 Nb1 40. Qxc2 Nc3 41. Bc6 Bxc6 42. Nxc6 Qe8 43. Ne5 Bf6 44. d7 Qe6 45. Qxc3 g5 46. d8Q+ Bxd8 47. Ng6+ 1-0

[Event "Kalamaria op 3rd"]
[Site "Kalamaria"]
[Date "2006.09.03"]
[Round "6"]
[White "Oreopoulos, Konstantinos"]
[Black "Svetushkin, Dmitry"]
[Result "1-0"]
[WhiteElo "2241"]
[BlackElo "2569"]
[PlyCount "81"]
[EventDate "2006.08.30"]
[EventType "swiss"]
[EventRounds "9"]
[EventCountry "GRE"]
[SourceTitle "EXT 2007"]
[Source "ChessBase"]
[SourceDate "2006.11.23"]
[SourceVersion "1"]
[SourceVersionDate "2006.11.23"]
[SourceQuality "1"]

1. d4 d5 2. c4 c6 3. cxd5 cxd5 4. Bf4 Nc6 5. e3 Nf6 6. Nc3 a6 7. Nf3 Bg4 8. Be2 e6 9. 0-0 Be7 10. Rc1 0-0 11. Na4 Nd7 12. a3 Rc8 13. b4 a5 14. b5 Na7 15. Qb3 Bxf3 16. Bxf3 Nb6 17. Nb2 Bd6 18. Bxd6 Qxd6 19. Be2 g6 20. Bd3 Rc7 21. Rc3 e5 22. Rxc7 Qxc7 23. dxe5 Qxe5 24. Na4 Nxa4 25. Qxa4 Qc3 26. Rd1 Nc8 27. Bf1 Nb6 28. Qf4 Rc8 29. e4 Qc2 30. Rd3 Qc1 31. Qf6 Qc5 32. exd5 Nxd5 33. Qe5 Rd8 34. Rd4 a4 35. h4 Rd7 36. Bc4 Qxa3 37. Rxd5 Rxd5 38. Bxd5 Qf8 39. Bxb7 a3 40. Bd5 Qd8 41. b6 1-0

[Event "Internet Section 07A g/8'+2\""]
[Site "Dos Hermanas"]
[Date "2004.03.07"]
[Round "5"]
[White "Linford, Charles M"]
[Black "Oreopoulos, Konstantinos"]
[Result "0-1"]
[WhiteElo "2179"]
[BlackElo "2256"]
[PlyCount "72"]
[EventDate "2004.03.07"]
[EventType "swiss (blitz)"]
[EventRounds "9"]
[EventCountry "ESP"]
[SourceTitle "CBM 099 Extra"]
[Source "ChessBase"]
[SourceDate "2004.05.04"]
[SourceVersion "1"]
[SourceVersionDate "2004.05.04"]
[SourceQuality "1"]

1. e4 e6 2. d4 d5 3. Nd2 Nf6 4. e5 Nfd7 5. Bd3 c5 6. c3 Nc6 7. Ne2 cxd4 8. cxd4 f6 9. exf6 Nxf6 10. 0-0 Bd6 11. Nf3 Qc7 12. Bg5 0-0 13. Bh4 Nh5 14. Qc2 h6 15. Bg6 Rxf3 16. gxf3 Bxh2+ 17. Kh1 Nf4 18. Ng3 Qd6 19. Kxh2 Nxd4 20. Qd1 e5 21. Bh5 Nxh5 22. Nxh5 Qe6 23. Nf4 Qf5 24. Bg3 g5 25. Nxd5 Nxf3+ 26. Kg2 Qh3+ 27. Kxf3 Bg4+ 28. Ke3 Bxd1 29. Raxd1 Rf8 30. Rh1 Qg4 31. Bxe5 Qf3+ 32. Kd4 Rd8 33. Kc5 Qxf2+ 34. Bd4 Qf5 35. Bc3 b6+ 36. Kc6 Qd7# 0-1

[Event "Internet Section 06A g/8'+2\""]
[Site "Dos Hermanas"]
[Date "2004.03.06"]
[Round "2"]
[White "Kuzmenko, Dmitry"]
[Black "Oreopoulos, Konstantinos"]
[Result "0-1"]
[WhiteElo "2078"]
[BlackElo "2551"]
[PlyCount "74"]
[EventDate "2004.03.06"]
[EventType "swiss (blitz)"]
[EventRounds "9"]
[EventCountry "ESP"]
[SourceTitle "CBM 099 Extra"]
[Source "ChessBase"]
[SourceDate "2004.05.04"]
[SourceVersion "1"]
[SourceVersionDate "2004.05.04"]
[SourceQuality "1"]

1. e4 e6 2. d4 d5 3. Nc3 Nf6 4. Bg5 Be7 5. Bxf6 Bxf6 6. e5 Be7 7. Qg4 0-0 8. Bd3 f5 9. exf6 Bxf6 10. Nge2 e5 11. Bf5 exd4 12. Nxd5 d3 13. Nxf6+ Qxf6 14. Bxc8 Qxf2+ 15. Kd2 dxe2 16. Rae1 Nc6 17. Be6+ Kh8 18. Rxe2 Qb6 19. Bb3 a5 20. Kc1 a4 21. Bxa4 Nd4 22. Re7 Qh6+ 23. Kb1 Rxa4 24. b3 Rb4 25. a3 Nc6 26. Rf7 Rg8 27. axb4 Ne5 28. Qf5 Nxf7 29. Qxf7 Qd2 30. Qxc7 Qxb4 31. Rd1 Qh4 32. h3 b5 33. Qc6 b4 34. Qc5 h6 35. Rd4 Qe1+ 36. Kb2 Ra8 37. Qxb4 Qa1# 0-1

[Event "Internet Section 06A g/8'+2\""]
[Site "Dos Hermanas"]
[Date "2004.03.06"]
[Round "5"]
[White "Oreopoulos, Konstantinos"]
[Black "Karup, Edin"]
[Result "1-0"]
[WhiteElo "2549"]
[BlackElo "2162"]
[PlyCount "89"]
[EventDate "2004.03.06"]
[EventType "swiss (blitz)"]
[EventRounds "9"]
[EventCountry "ESP"]
[SourceTitle "CBM 099 Extra"]
[Source "ChessBase"]
[SourceDate "2004.05.04"]
[SourceVersion "1"]
[SourceVersionDate "2004.05.04"]
[SourceQuality "1"]

1. d4 f5 2. Nc3 Nf6 3. Bg5 e6 4. e4 Be7 5. Bxf6 Bxf6 6. e5 Be7 7. Bd3 0-0 8. Nf3 b6 9. 0-0 Bb7 10. Qe2 Bxf3 11. Qxf3 Nc6 12. Ne2 Bg5 13. Bb5 Ne7 14. c4 a6 15. Ba4 b5 16. cxb5 axb5 17. Bxb5 Rb8 18. a4 c6 19. Bc4 Rxb2 20. a5 Qc7 21. Qg3 Bd2 22. Qa3 Rb4 23. Ba2 Rfb8 24. Rfd1 Bg5 25. a6 Qa7 26. g3 Kf7 27. h4 Bh6 28. Qd3 g6 29. Bc4 Rb2 30. Kg2 R2b4 31. h5 Bg5 32. Rh1 Kg7 33. Rh3 Bh6 34. hxg6 hxg6 35. Rah1 Rh8 36. Qa3 c5 37. Ba2 Qa8+ 38. f3 Nd5 39. dxc5 Ne3+ 40. Kf2 Nc2 41. Qc3 Be3+ 42. Kg2 Rxh3 43. Rxh3 Bd4 44. Qxc2 Rb2 45. Qd3 1-0

[Event "Internet Section 06A g/8'+2\""]
[Site "Dos Hermanas"]
[Date "2004.03.06"]
[Round "3"]
[White "Oreopoulos, Konstantinos"]
[Black "Reeves, Neil"]
[Result "1-0"]
[WhiteElo "2551"]
[BlackElo "1654"]
[PlyCount "89"]
[EventDate "2004.03.06"]
[EventType "swiss (blitz)"]
[EventRounds "9"]
[EventCountry "ESP"]
[SourceTitle "CBM 099 Extra"]
[Source "ChessBase"]
[SourceDate "2004.05.04"]
[SourceVersion "1"]
[SourceVersionDate "2004.05.04"]
[SourceQuality "1"]

1. d4 d5 2. c4 Nf6 3. cxd5 Nxd5 4. e4 Nb6 5. Nf3 Nc6 6. Be3 e6 7. Bb5 Bd7 8. 0-0 Be7 9. Nc3 0-0 10. h3 a6 11. Bd3 Nb4 12. Bb1 Nc4 13. Bc1 c5 14. d5 e5 15. b3 Nd6 16. Nxe5 Bf6 17. f4 Re8 18. a3 Bxe5 19. fxe5 Rxe5 20. axb4 cxb4 21. Bf4 Qb6+ 22. Kh1 Re7 23. e5 Nf5 24. Na4 Qd4 25. Bxf5 Qxd1 26. Bxh7+ Kxh7 27. Rfxd1 g5 28. Bg3 Bb5 29. Nb6 Rd8 30. d6 Re6 31. Rac1 Kg6 32. Rc7 f5 33. exf6 Rxf6 34. Nd5 Re6 35. Rxb7 g4 36. Nc7 Re2 37. Nxb5 gxh3 38. Nd4 hxg2+ 39. Kg1 Rb2 40. Ne6 Rh8 41. Nf4+ Kf5 42. Nxg2 Rg8 43. Rf7+ Ke4 44. Rf4+ Ke5 45. Rg4+ 1-0

[Event "Internet Section 06A g/8'+2\""]
[Site "Dos Hermanas"]
[Date "2004.03.06"]
[Round "9"]
[White "Oreopoulos, Konstantinos"]
[Black "Tessem, Mathias"]
[Result "0-1"]
[WhiteElo "2490"]
[BlackElo "2192"]
[PlyCount "155"]
[EventDate "2004.03.06"]
[EventType "swiss (blitz)"]
[EventRounds "9"]
[EventCountry "ESP"]
[SourceTitle "CBM 099 Extra"]
[Source "ChessBase"]
[SourceDate "2004.05.04"]
[SourceVersion "1"]
[SourceVersionDate "2004.05.04"]
[SourceQuality "1"]

1. d4 f5 2. Nc3 Nf6 3. Bg5 d5 4. Bxf6 exf6 5. e3 Be6 6. Qf3 Qd7 7. Bb5 Nc6 8. Nge2 a6 9. Bxc6 Qxc6 10. Nf4 Rd8 11. a3 g6 12. h4 Bf7 13. Kd2 h5 14. b4 Bh6 15. Nd3 0-0 16. Rh3 Kh7 17. Rg3 Rfe8 18. Ne2 Re4 19. Rh3 Qc4 20. Nc5 b6 21. Nxe4 dxe4 22. Qg3 Rxd4+ 23. Nxd4 Qxd4+ 24. Kc1 Qxa1+ 25. Kd2 Qd4+ 26. Kc1 Qc3 27. f4 Qxa3+ 28. Kd1 Qxb4 29. Qe1 Qxe1+ 30. Kxe1 Bf8 31. c3 Bc4 32. Kd2 Bc5 33. Rh1 Kg7 34. Ra1 a5 35. Ra4 Bb5 36. Ra1 Kf7 37. Ra2 Ke6 38. Rb2 Bc4 39. Rb1 Kd5 40. Ra1 Bd3 41. Ra4 Bb5 42. Ra1 Ke6 43. g3 a4 44. c4 Bc6 45. Ke2 a3 46. Kd2 Ba4 47. Kc3 Kd6 48. Ra2 Ke7 49. Ra1 c6 50. Ra2 Kd6 51. Rd2+ Ke7 52. Ra2 Kd8 53. Rd2+ Kc7 54. Ra2 b5 55. cxb5 cxb5 56. g4 fxg4 57. f5 gxf5 58. Rf2 b4+ 59. Kc4 Kb6 60. Rxf5 Bb5+ 61. Kd5 Bxe3 62. Rxf6+ Ka5 63. Rf8 Ka4 64. Kxe4 Bc5 65. Rc8 Be7 66. Kf5 Bxh4 67. Kg6 Be1 68. Kxh5 a2 69. Kxg4 Bc3 70. Ra8+ Kb3 71. Kf4 a1Q 72. Rxa1 Bxa1 73. Ke4 Bc3 74. Ke3 Bc4 75. Ke4 Kc2 76. Kf5 b3 77. Kg4 b2 78. Kh4 0-1

[Event "Lefkos Pyrgos int 7th"]
[Site "Thessaloniki"]
[Date "2003.12.28"]
[Round "9"]
[White "Kakkanas, Evangelos"]
[Black "Oreopoulos, Konstantinos"]
[Result "0-1"]
[WhiteElo "2160"]
[BlackElo "2256"]
[PlyCount "122"]
[EventDate "2003.12.20"]
[EventType "swiss"]
[EventRounds "9"]
[EventCountry "GRE"]
[SourceTitle "CBM 097 Extra"]
[Source "ChessBase"]
[SourceDate "2004.01.13"]
[SourceVersion "1"]
[SourceVersionDate "2004.01.13"]
[SourceQuality "1"]

1. e4 e6 2. d4 d5 3. Nd2 Nf6 4. Bd3 c5 5. dxc5 Bxc5 6. Qe2 Nc6 7. c3 0-0 8. Ngf3 Ng4 9. 0-0 f5 10. exf5 e5 11. Bc2 Bxf5 12. Bxf5 Rxf5 13. Nb3 Bb6 14. Be3 Bxe3 15. fxe3 Qb6 16. Rae1 a5 17. Kh1 Nf6 18. Qc2 Rh5 19. Qe2 a4 20. Nc1 a3 21. bxa3 Ra4 22. Kg1 Rg4 23. Nd2 Rhg5 24. Rf2 e4 25. c4 d4 26. c5 Qxc5 27. Ncb3 Qd5 28. Qc4 Ne5 29. Qc8+ Kf7 30. h3 Rh4 31. Rc1 Nf3+ 32. Nxf3 exf3 33. Nxd4 Rxg2+ 34. Rxg2 fxg2 35. Qc4 Rxh3 36. Qxd5+ Nxd5 37. Kxg2 Rxe3 38. Rc5 Nf4+ 39. Kh2 Ne6 40. Nxe6 Rxe6 41. Rb5 b6 42. a4 Re2+ 43. Kg3 Rxa2 44. Rb4 h6 45. Kg4 g6 46. Kh4 Kg7 47. Kg4 h5+ 48. Kh4 Kh6 49. Kg3 Ra1 50. Kh4 Rh1+ 51. Kg3 Rg1+ 52. Kh3 Rg4 53. Rxb6 Rxa4 54. Kg3 h4+ 55. Kh3 Kh5 56. Rb8 Ra3+ 57. Kh2 g5 58. Rb2 h3 59. Rc2 Kh4 60. Rb2 g4 61. Kh1 Ra1+ 0-1

[Event "Lefkos Pyrgos int 7th"]
[Site "Thessaloniki"]
[Date "2003.12.23"]
[Round "5"]
[White "Shavtvaladze, Nikoloz"]
[Black "Oreopoulos, Konstantinos"]
[Result "1-0"]
[WhiteElo "2429"]
[BlackElo "2256"]
[PlyCount "51"]
[EventDate "2003.12.20"]
[EventType "swiss"]
[EventRounds "9"]
[EventCountry "GRE"]
[SourceTitle "CBM 097 Extra"]
[Source "ChessBase"]
[SourceDate "2004.01.13"]
[SourceVersion "1"]
[SourceVersionDate "2004.01.13"]
[SourceQuality "1"]

1. e4 e6 2. d4 d5 3. e5 c5 4. c3 Nc6 5. Nf3 Bd7 6. a3 f6 7. Bd3 fxe5 8. Nxe5 Nxe5 9. dxe5 Ne7 10. 0-0 Qc7 11. Re1 0-0-0 12. c4 Nc6 13. Bf4 d4 14. Nd2 h6 15. Ne4 g5 16. Bg3 Be7 17. Nd6+ Bxd6 18. exd6 Qb6 19. b4 cxb4 20. axb4 Qxb4 21. Rb1 Qa3 22. Rb3 Qa2 23. Re2 Qa4 24. Qb1 Na5 25. Rb4 Qc6 26. Ra2 1-0

[Event "Lefkos Pyrgos int 7th"]
[Site "Thessaloniki"]
[Date "2003.12.22"]
[Round "4"]
[White "Oreopoulos, Konstantinos"]
[Black "Tsarouhas, Vasilios"]
[Result "1-0"]
[WhiteElo "2256"]
[BlackElo "2182"]
[PlyCount "120"]
[EventDate "2003.12.20"]
[EventType "swiss"]
[EventRounds "9"]
[EventCountry "GRE"]
[SourceTitle "CBM 097 Extra"]
[Source "ChessBase"]
[SourceDate "2004.01.13"]
[SourceVersion "1"]
[SourceVersionDate "2004.01.13"]
[SourceQuality "1"]

1. d4 Nf6 2. c4 g6 3. Nc3 d5 4. cxd5 Nxd5 5. Na4 Bg7 6. e4 Nb6 7. Nf3 0-0 8. Be3 Bg4 9. Nc5 Qc8 10. Qb3 N8d7 11. Ng5 e5 12. d5 h6 13. Nf3 c6 14. Nxd7 Qxd7 15. dxc6 Qxc6 16. Nd2 Rac8 17. f3 Be6 18. Qb5 Rfd8 19. Qxc6 Rxc6 20. Bb5 Rc2 21. b3 a6 22. Be2 Bf8 23. Nf1 Nc8 24. Kf2 f5 25. exf5 gxf5 26. g3 e4 27. f4 Bg7 28. Rc1 Rxa2 29. g4 Bb2 30. Rc7 fxg4 31. Rg1 h5 32. Ng3 Nd6 33. Nxh5 Nf5 34. Rxg4+ Kf8 35. Bc5+ Ke8 36. Rg6 e3+ 37. Kf3 Bf7 38. Rf6 Bxh5+ 39. Ke4 Nd6+ 40. Bxd6 Rxd6 41. Bxh5+ Kd8 42. Rxd6+ Kxc7 43. Rd3 Ba3 44. Rc3+ Kd6 45. Rd3+ Ke6 46. Rxe3 Rxh2 47. Bg4+ Kd6 48. Bc8 Rh7 49. Rd3+ Kc5 50. Be6 Bb2 51. Rd5+ Kc6 52. Rd2 Ba1 53. Rd1 Bh8 54. Rd8 b5 55. Rc8+ Kd6 56. f5 Rh4+ 57. Kf3 a5 58. Rb8 Kc5 59. Bd7 b4 60. Rb5+ Kd4 1-0

[Event "White Tower op 6th"]
[Site "Thessaloniki"]
[Date "2002.12.28"]
[Round "8.2"]
[White "Marjanovic, Slavoljub"]
[Black "Oreopoulos, Konstantinos"]
[Result "1-0"]
[WhiteElo "2499"]
[BlackElo "2260"]
[PlyCount "81"]
[EventDate "2002.12.21"]
[EventType "swiss"]
[EventRounds "9"]
[EventCountry "GRE"]
[SourceTitle "EXT 2004"]
[Source "ChessBase"]
[SourceDate "2003.11.25"]
[SourceVersion "1"]
[SourceVersionDate "2003.11.25"]
[SourceQuality "1"]

1. e4 e6 2. d4 d5 3. Nd2 Nf6 4. e5 Nfd7 5. c3 c5 6. Bd3 Nc6 7. Ne2 cxd4 8. cxd4 f6 9. exf6 Nxf6 10. Nf3 Bd6 11. 0-0 Qc7 12. Bg5 0-0 13. Rc1 Bd7 14. Ng3 Be8 15. Re1 h6 16. Bd2 Bf7 17. Bc3 Nh5 18. Bb1 Nf4 19. Qd2 Qd8 20. Rcd1 Qf6 21. Re3 g5 22. b4 a6 23. a4 b5 24. Ne5 Bxe5 25. dxe5 Qe7 26. Ne2 Bh5 27. f3 Nxe2+ 28. Qxe2 bxa4 29. b5 axb5 30. Qxb5 Qa7 31. Kf2 d4 32. Qxc6 dxe3+ 33. Ke1 e2 34. Rd4 Rfc8 35. Qxe6+ Qf7 36. Qxh6 Qg7 37. Ba2+ Bf7 38. Bxf7+ Qxf7 39. e6 Qh7 40. Qxg5+ Kf8 41. Bb4+ 1-0

[Event "White Tower op 6th"]
[Site "Thessaloniki"]
[Date "2002.12.22"]
[Round "2.9"]
[White "Giakoustidis, Spiros Avgerinos"]
[Black "Oreopoulos, Konstantinos"]
[Result "0-1"]
[WhiteElo "2225"]
[BlackElo "2261"]
[PlyCount "48"]
[EventDate "2002.12.21"]
[EventType "swiss"]
[EventRounds "9"]
[EventCountry "GRE"]
[SourceTitle "EXT 2004"]
[Source "ChessBase"]
[SourceDate "2003.11.25"]
[SourceVersion "1"]
[SourceVersionDate "2003.11.25"]
[SourceQuality "1"]

1. d4 Nf6 2. c4 c5 3. d5 e6 4. Nc3 exd5 5. cxd5 d6 6. e4 g6 7. Bb5+ Bd7 8. Bd3 Bg7 9. f4 0-0 10. Nf3 b5 11. e5 dxe5 12. fxe5 Ng4 13. Bf4 c4 14. Be4 Qb6 15. Qd2 b4 16. h3 bxc3 17. bxc3 Nxe5 18. Bxe5 Re8 19. Qf4 f5 20. d6 fxe4 21. Ng5 Rxe5 22. Qf7+ Kh8 23. h4 Qe3+ 24. Kd1 Ba4# 0-1

[Event "GRE-chT"]
[Site "Athens"]
[Date "1997.??.??"]
[Round "4"]
[White "Oreopoulos, Konstantinos"]
[Black "Alexakis, Dimitrios"]
[Result "1-0"]
[WhiteElo "2240"]
[BlackElo "2240"]
[PlyCount "117"]
[EventDate "1997.??.??"]
[EventType "team-swiss"]
[EventRounds "9"]
[EventCountry "GRE"]
[SourceTitle "EXT 2002"]
[Source "ChessBase"]
[SourceDate "2001.11.25"]
[SourceVersion "1"]
[SourceVersionDate "2001.11.25"]
[SourceQuality "1"]

1. d4 Nf6 2. c4 e6 3. Nc3 d5 4. cxd5 exd5 5. Bg5 Be7 6. Qc2 0-0 7. e3 h6 8. Bh4 c5 9. dxc5 Nc6 10. 0-0-0 Be6 11. Nge2 Qa5 12. Nf4 Nb4 13. Qb3 Qxc5 14. a3 Nc6 15. Bxf6 Bxf6 16. Nfxd5 Rad8 17. Qb5 Be7 18. Qxc5 Bxc5 19. Be2 a6 20. Nf4 Bb3 21. Rxd8 Rxd8 22. Bd1 Bc4 23. Be2 Bxe2 24. Nfxe2 Ne5 25. Kc2 Ng4 26. Ne4 Bb6 27. h3 Ne5 28. N2c3 f5 29. Ng3 f4 30. exf4 Nd3 31. Nge4 Nxf4 32. g3 Ne6 33. f4 Nd4+ 34. Kb1 Nf5 35. g4 Ne3 36. f5 Kf7 37. Rc1 Rd7 38. Na4 Ba7 39. Nac5 Bxc5 40. Nxc5 Re7 41. Re1 Ng2 42. Rxe7+ Kxe7 43. Kc2 Nf4 44. Kd2 Nxh3 45. Ke3 Kd6 46. Nxb7+ Kd5 47. b4 Ng5 48. Nc5 a5 49. Nd3 axb4 50. Nxb4+ Kc4 51. Nd3 Kb3 52. Nc5+ Kxa3 53. Ne6 Nh7 54. Nxg7 Kb4 55. Kf4 Kc4 56. Ke5 Ng5 57. f6 Nf7+ 58. Ke6 Ng5+ 59. Ke7 1-0

[Event "Katerini GP"]
[Site "Katerini"]
[Date "1993.??.??"]
[Round "?"]
[White "Maris, Ioannis"]
[Black "Oreopoulos, Konstantinos"]
[Result "0-1"]
[WhiteElo "2330"]
[BlackElo "2255"]
[PlyCount "50"]
[EventDate "1993.08.??"]
[EventType "swiss"]
[EventRounds "9"]
[EventCountry "GRE"]
[SourceTitle "EXT 2000"]
[Source "ChessBase"]
[SourceDate "1999.11.16"]
[SourceVersion "1"]
[SourceVersionDate "1999.11.16"]
[SourceQuality "1"]

1. c4 Nf6 2. Nc3 d5 3. cxd5 Nxd5 4. e4 Nxc3 5. bxc3 g6 6. h4 e5 7. Bc4 Bc5 8. h5 Qf6 9. Qf3 Qe7 10. Rb1 Be6 11. Bxe6 Qxe6 12. Ne2 Nc6 13. Rb5 b6 14. d4 exd4 15. cxd4 Bxd4 16. Rd5 Be5 17. Ba3 Ne7 18. hxg6 Nxd5 19. exd5 Qxg6 20. Qe3 0-0-0 21. Qxe5 Rhe8 22. Qc3 Qxg2 23. Rxh7 Qg1+ 24. Kd2 Rxd5+ 25. Nd4 Qxf2+ 0-1

[Event "Ikaria op"]
[Site "Ikaria"]
[Date "1993.??.??"]
[Round "2"]
[White "Oreopoulos, Konstantinos"]
[Black "Ermenkov, Evgenij"]
[Result "0-1"]
[WhiteElo "2240"]
[BlackElo "2505"]
[PlyCount "79"]
[EventDate "1993.??.??"]
[EventType "swiss"]
[EventRounds "7"]
[EventCountry "GRE"]
[SourceTitle "EXT 1997"]
[Source "ChessBase"]
[SourceDate "1996.11.15"]
[SourceVersion "1"]
[SourceVersionDate "1996.11.15"]
[SourceQuality "1"]

1. d4 d6 2. c4 e5 3. e3 Nd7 4. Nf3 g6 5. b3 Bg7 6. Bb2 Ngf6 7. Nc3 0-0 8. Be2 Re8 9. Qc2 c6 10. 0-0-0 Qe7 11. h3 a5 12. Ba3 exd4 13. Nxd4 Nc5 14. Bf3 a4 15. b4 Nce4 16. Nxe4 Nxe4 17. g4 d5 18. Bxe4 dxe4 19. Rd2 Qf6 20. c5 Be6 21. Nxe6 Qa1+ 22. Qb1 Qc3+ 23. Kd1 Rxe6 24. Qc1 Qf6 25. Bb2 Qf3+ 26. Kc2 Bxb2 27. Kxb2 a3+ 28. Kb3 Re5 29. Qd1 Qf6 30. Qe2 b5 31. cxb6 Rb5 32. Rc1 Rxb6 33. Rd4 Qe5 34. Qc4 Rab8 35. Kxa3 Qf6 36. Rc2 Rb5 37. Qxc6 Qe7 38. Rc5 Qa7+ 39. Kb3 Rxc5 40. Qxc5 0-1